000 00867nam a2200253Ia 4500
003 OSt
005 20220923225537.0
006 a|||||r|||| 00| 0
007 ta
008 tam
024 _a270,713
037 _cTextual
040 _aARTS
_cARTS
_btam
041 _2tam
_atam
082 _aO31,3NPA,RA, 152N2
100 _aपार्थसारथी, इंदिरा
245 0 _aरक्तकुंड (कुरूदि पुनल ), अनु अय्यर
246 _aRaktakuanḍa (kurūdi punal ), anu ayyara
260 _aनई दिल्ली
_b साहित्य अकादेमी
_c1992
300 _a121पृ0
_ccm.
650 _aतमिल साहित्य
942 _hO31,3NPA,RA, 152N2
_cTEXL
_2CC
999 _c378963
_d378963